[Event "GER-ch Net Amateur Gr-B Vor3"]
[Site "Playchess.com INT"]
[Date "2020.04.16"]
[Round "8"]
[White "Floetzer, Thomas"]
[Black "Lange, Martin2222"]
[Result "1/2-1/2"]
[WhiteElo "1627"]
[BlackElo "1529"]
[PlyCount "94"]
[EventDate "2020.04.16"]
[EventType "swiss (blitz)"]
[EventRounds "9"]
[EventCountry "GER"]
[SourceTitle "CBM 195 Extra"]
[Source "ChessBase"]
[SourceDate "2020.05.31"]
[SourceVersion "1"]
[SourceVersionDate "2020.05.31"]
[SourceQuality "1"]

1. e4 e6 2. d4 d5 3. e5 c5 4. c3 Nc6 5. Nf3 Qb6 6. b3 cxd4 7. cxd4 Nge7 8. Be2 Nf5 9. Be3 Nxe3 10. fxe3 Bb4+ 11. Nbd2 0-0 12. 0-0 Bd7 13. Bd3 Rac8 14. Ng5 h6 15. Bh7+ Kh8 16. Nxf7+ Kxh7 17. Qc2+ Kg8 18. Nxh6+ Kh8 19. Nf7+ Rxf7 20. Rxf7 Nxd4 21. Qg6 Nf5 22. Rf1 Qxe3+ 23. Kh1 Be8 24. Qxe6 Bxf7 25. Qxc8+ Kh7 26. Qxf5+ Bg6 27. Qg4 Bxd2 28. e6 Qg5 29. Qh3+ Kg8 30. Qf3 Qe7 31. Qg4 Be8 32. h4 Bh6 33. h5 Qg5 34. Qxg5 Bxg5 35. g4 Bc6 36. Kh2 d4 37. Kg3 d3 38. Rd1 Bb5 39. a4 Ba6 40. Kf3 b6 41. Ke4 d2 42. Kf5 Be3 43. e7 Kf7 44. Ke4 Bg5 45. Kf5 Be3 46. Ke4 Bh6 47. Kf5 Be3 1/2-1/2

[Event "GER-ch Net Amateur Gr-B Vor2"]
[Site "Playchess.com INT"]
[Date "2020.04.15"]
[Round "5"]
[White "Floetzer, Thomas"]
[Black "Mader, Lena"]
[Result "1-0"]
[WhiteElo "1656"]
[BlackElo "1709"]
[PlyCount "89"]
[EventDate "2020.04.15"]
[EventType "swiss (blitz)"]
[EventRounds "9"]
[EventCountry "GER"]
[SourceTitle "CBM 196 Extra"]
[Source "ChessBase"]
[SourceDate "2020.07.31"]
[SourceVersion "1"]
[SourceVersionDate "2020.07.31"]
[SourceQuality "1"]

1. e4 c6 2. Nf3 d5 3. exd5 cxd5 4. d4 Nc6 5. Nc3 Nf6 6. Be2 g6 7. 0-0 Bg7 8. Be3 0-0 9. Ne5 Bf5 10. Rc1 Rc8 11. f4 a6 12. a3 Na5 13. Qe1 Nc4 14. Nxc4 dxc4 15. Qf2 Ne4 16. Nxe4 Bxe4 17. Rfd1 Qd5 18. c3 b5 19. Rf1 e6 20. Bf3 h6 21. g4 Kh7 22. h4 a5 23. Kg2 b4 24. axb4 axb4 25. Ra1 Bxf3+ 26. Qxf3 Qb5 27. Ra7 bxc3 28. bxc3 Qb2+ 29. Bf2 Qd2 30. Rb1 Qd3 31. Qxd3 cxd3 32. Be1 Kg8 33. Rd1 Rb8 34. Rxd3 Rb2+ 35. Kf3 Rh2 36. Bf2 Rh3+ 37. Ke2 Rh2 38. Ra1 f6 39. c4 e5 40. dxe5 fxe5 41. Rf3 exf4 42. Rd1 g5 43. h5 Re8+ 44. Kf1 Bb2 45. Kg1 1-0

[Event "GER-ch Net Amateur Gr-B Vor2"]
[Site "Playchess.com INT"]
[Date "2020.04.15"]
[Round "4"]
[White "Prill, Gerhard"]
[Black "Floetzer, Thomas"]
[Result "0-1"]
[WhiteElo "1676"]
[BlackElo "1602"]
[PlyCount "50"]
[EventDate "2020.04.15"]
[EventType "swiss (blitz)"]
[EventRounds "9"]
[EventCountry "GER"]
[SourceTitle "CBM 196 Extra"]
[Source "ChessBase"]
[SourceDate "2020.07.31"]
[SourceVersion "1"]
[SourceVersionDate "2020.07.31"]
[SourceQuality "1"]

1. e4 g6 2. d4 Bg7 3. c4 d6 4. Nc3 c6 5. f3 e5 6. dxe5 Bxe5 7. Bd3 Ne7 8. f4 Bg7 9. Nf3 f5 10. 0-0 0-0 11. Re1 Nd7 12. Bc2 Qc7 13. Kh1 Nc5 14. exf5 Nxf5 15. Ng5 h6 16. Nge4 Nxe4 17. Nxe4 Bd7 18. g4 Nd4 19. Nf2 Rae8 20. Bxg6 Rxe1+ 21. Qxe1 Nc2 22. Qe7 Nxa1 23. g5 c5 24. gxh6 Bc6+ 25. Kg1 Qxe7 0-1